Erreurs et mensonges historiques. (Record no. 152485)

MARC details
000 -LEADER
campo de control de longitud fija 00976nam a2200193 i 4500
001 - NÚMERO DE CONTROL
campo de control 152485
003 - IDENTIFICADOR DE NÚMERO DE CONTROL
campo de control ES-MaACL
005 - FECHA Y HORA DE LA ÚLTIMA TRANSACCIÓN
campo de control 20230906204751.0
008 - DATOS DE LONGITUD FIJA--INFORMACIÓN GENERAL
campo de control de longitud fija 160408s1878 fr |||| | fre d
100 1# - ENTRADA PRINCIPAL--NOMBRE DE PERSONA
Nombre de persona Barthélemy, Charles (
Fechas asociadas al nombre 1825-1888)
9 (RLIN) 159321
245 10 - MENCIÓN DEL TÍTULO
Título Erreurs et mensonges historiques.
Número de parte o sección de la obra Septième série /
Mención de responsabilidad, etc. par M. Ch. Barthélémy.
250 ## - MENCION DE EDICION
Mención de edición 4è édition.
260 ## - PUBLICACIÓN, DISTRIBUCIÓN, ETC.
Lugar de publicación, distribución, etc. Paris :
Nombre del editor, distribuidor, etc. Librairie Blériot,
Fecha de publicación, distribución, etc. [1878?]
300 ## - DESCRIPCIÓN FÍSICA
Extensión 264 p. ;
Dimensiones 19 cm.
505 8# - NOTA DE CONTENIDO CON FORMATO
Nota de contenido con formato Contiene: L'ancienne royauté fut-elle l'absolutisme?. - Comment Louis XV fut-il élevé?. - Le bon roi Dagobert. - Les deux Charles VII. - Louvois est-il mort empoisonné?. - Monsieur de la Palisse. - La vérité sur l'émigration. - Monsieur d'Malbrough. - Marie de Médicis est-elle morte de misère?. - De la culpabilité de Fouquet.
650 #4 - PUNTO DE ACCESO ADICIONAL DE MATERIA--TÉRMINO DE MATERIA
Término de materia o nombre geográfico como elemento de entrada Historia-
Subdivisión general Errores, invenciones, etc.
9 (RLIN) 159334
651 #4 - PUNTO DE ACCESO ADICIONAL DE MATERIA--NOMBRE GEOGRÁFICO
Nombre geográfico Francia-
Subdivisión general Historia-
-- Errores, invenciones, etc.
9 (RLIN) 159322
852 ## - LOCALIZACIÓN
Ubicación ES-MaACL
Número de control de estantería G-128
Holdings
Estatus retirado Estado de pérdida Estado de daño No para préstamo Colección Biblioteca de origen Biblioteca actual Ubicación en estantería Fecha de adquisición Total de préstamos Signatura topográfica completa Código de barras Visto por última vez Precio de reemplazo Tipo de ítem Koha
        Libros del s. XIX Biblioteca del Ateneo de Madrid Biblioteca del Ateneo de Madrid Depósito 2 17/01/2008   G-128 1159227 23/02/2023 23/02/2023 Libro impreso antiguo